[Event "Tournoi Skype 016A"]
[Site "Skype"]
[Date "????.??.??"]
[Round "1.1"]
[White "Aceituno, Stebe"]
[Black "Ayotte, Jocelyn"]
[Result "0-1"]
[WhiteElo "1626"]
[BlackElo "2107"]
[PlyCount "78"]

1. e4 d6 2. Nf3 Nf6 3. Nc3 g6 4. d4 Bg7 5. Bc4 O-O 6. O-O c6 7. Be3 d5 8. exd5
cxd5 9. Bd3 Nc6 10. Qd2 Bg4 11. Be2 Ne4 12. Nxe4 dxe4 13. Ne5 Nxe5 14. dxe5
Qxd2 15. Bxd2 Bxe2 16. Rfe1 Bg4 17. Rxe4 Bf5 18. Ree1 Bxc2 19. Bc3 Bh6 20. e6
f6 21. Bb4 Rfd8 22. h3 Kf8 23. Re2 Bd3 24. Ree1 Rac8 25. Rad1 Bc2 26. Rd7 Re8
27. Rxb7 Rc6 28. Rxa7 Bf5 29. g3 Bxe6 30. a4 Rc1 31. Rxc1 Bxc1 32. Bc3 Bxh3 33.
b4 Bg4 34. b5 Rd8 35. Kf1 Bf3 36. a5 Rd1+ 37. Be1 Bd2 38. Kg1 Rxe1+ 39. Kh2
Rh1# 0-1

[Event "Tournoi Skype 016A"]
[Site "Skype"]
[Date "????.??.??"]
[Round "1.2"]
[White "Hervais, Adrien"]
[Black "Fouquereau, Andre"]
[Result "1-0"]
[WhiteElo "1999"]
[BlackElo "1590"]
[PlyCount "51"]

1. e4 e5 2. Nc3 c6 3. Bc4 Nf6 4. Nf3 Be7 5. Nxe5 O-O 6. O-O d6 7. Nf3 Bg4 8. d4
Nbd7 9. Be2 Qc7 10. Bf4 Nh5 11. Be3 a6 12. h3 Be6 13. d5 cxd5 14. exd5 Bf5 15.
Nd4 Bg6 16. Bxh5 Bxh5 17. Qxh5 Nf6 18. Qf3 Rfe8 19. Nf5 Bf8 20. Bg5 Nd7 21. Qg3
Nc5 22. Nxg7 Bxg7 23. Bf6 Ne6 24. dxe6 fxe6 25. Ne4 Qf7 26. Bxg7 1-0

[Event "Tournoi Skype 016A"]
[Site "Skype"]
[Date "????.??.??"]
[Round "1.3"]
[White "Trivedi, Viral"]
[Black "Hilton, Stephen"]
[Result "1/2-1/2"]
[WhiteElo "1587"]
[BlackElo "1984"]
[PlyCount "138"]

1. e4 Nf6 2. Nc3 d5 3. exd5 Nxd5 4. Nxd5 Qxd5 5. Nf3 Bg4 6. Be2 e6 7. h3 Bh5 8.
O-O Be7 9. c3 O-O 10. d4 Nd7 11. c4 Qd6 12. c5 Qd5 13. Bf4 Rac8 14. Rc1 Bg6 15.
Bc4 Qf5 16. Bg3 Bh5 17. Bd3 Qd5 18. Bc4 Qc6 19. Re1 Nf6 20. Qd3 Bxf3 21. gxf3
Rfd8 22. Re5 Qd7 23. Rd1 b6 24. cxb6 axb6 25. d5 Nxd5 26. Bxd5 exd5 27. Rxd5
Qe8 28. Rxd8 Rxd8 29. Qc2 c5 30. Bc7 Rxd1+ 31. Qxd1 Qc6 32. Bd8 Kf8 33. Bxe7+
Kxe7 34. Qe2+ Qe6 35. Qc2 Qxh3 36. Qe4+ Qe6 37. Qxh7 g6 38. Qh4+ Kd7 39. b3 Kc7
40. Qf4+ Kc6 41. Qa4+ Kb7 42. a3 Qf5 43. Kg2 Qg5+ 44. Kf1 Qd5 45. Ke2 f5 46. b4
Qd4 47. Qb3 c4 48. Qe3 Qb2+ 49. Kf1 Qf6 50. f4 Qc6 51. Qc3 b5 52. Ke2 Qe4+ 53.
Kf1 Qh1+ 54. Ke2 Qh5+ 55. Kf1 Qd1+ 56. Kg2 Qg4+ 57. Kf1 Qxf4 58. Qg7+ Qc7 59.
Qxg6 c3 60. Qxf5 Qc4+ 61. Ke1 c2 62. Qf3+ Kb8 63. Qf8+ Kc7 64. Qe7+ Kc8 65.
Qe8+ Kb7 66. Qd7+ Ka6 67. Qd6+ Ka7 68. Qd7+ Ka8 69. Qd8+ Kb7 1/2-1/2

[Event "Tournoi Skype 016A"]
[Site "Skype"]
[Date "????.??.??"]
[Round "1.4"]
[White "Sojka, Bernard"]
[Black "Prasad Singh, Ambika"]
[Result "1-0"]
[WhiteElo "1968"]
[BlackElo "1579"]
[PlyCount "69"]

1. d4 Nf6 2. Nf3 g6 3. Bf4 Bg7 4. e3 O-O 5. Be2 d6 6. Nc3 a6 7. h3 b5 8. O-O
Bb7 9. Re1 Nbd7 10. Bd3 Re8 11. Bh2 e5 12. dxe5 Nxe5 13. Nxe5 dxe5 14. Qc1 e4
15. Bf1 Nd5 16. Nxd5 Qxd5 17. Bxc7 Rac8 18. Ba5 Qg5 19. a4 Ra8 20. axb5 axb5
21. c3 Bc8 22. Bd8 Rxa1 23. Bxg5 Rxc1 24. Rxc1 Bd7 25. Rd1 h6 26. Bxh6 Bxh6 27.
Rxd7 Rb8 28. g4 Bf8 29. Rd5 b4 30. cxb4 Rxb4 31. Rd7 Rxb2 32. Bc4 Bc5 33. Bxf7+
Kg7 34. Bd5+ Kf6 35. Bxe4 1-0

[Event "Tournoi Skype 016A"]
[Site "Skype"]
[Date "????.??.??"]
[Round "1.5"]
[White "Bendre, Pankaj"]
[Black "Deville, Olivier"]
[Result "0-1"]
[WhiteElo "1570"]
[BlackElo "1945"]
[PlyCount "64"]

1. e4 c5 2. Nf3 d6 3. d4 cxd4 4. Nxd4 Nf6 5. Nc3 a6 6. Bd3 Nc6 7. O-O Nxd4 8.
Bg5 e6 9. Bc4 Nc6 10. Re1 Be7 11. f4 Qc7 12. Bb3 O-O 13. a3 b5 14. Qf3 Nd4 15.
Qg3 Nxb3 16. cxb3 Kh8 17. b4 Bb7 18. Rac1 Qb6+ 19. Kh1 Rfe8 20. Qf3 d5 21. Bxf6
Bxf6 22. Qd3 Bxc3 23. bxc3 dxe4 24. Qg3 Rad8 25. Re3 Rd2 26. Ra1 Red8 27. Ree1
e3 28. Qg4 Bxg2+ 29. Kg1 Bb7 30. Qh5 Rg2+ 31. Kf1 e2+ 32. Rxe2 Rg1# 0-1

[Event "Tournoi Skype 016A"]
[Site "Skype"]
[Date "????.??.??"]
[Round "1.6"]
[White "Donmez, Unal"]
[Black "Solak, Yusuf"]
[Result "1-0"]
[WhiteElo "1937"]
[BlackElo "1552"]
[PlyCount "109"]

1. e4 e6 2. d4 d5 3. e5 c5 4. c3 Ne7 5. f4 cxd4 6. cxd4 g6 7. Nc3 a6 8. Nf3 Bd7
9. Qb3 Bc6 10. a4 Nd7 11. a5 Nc8 12. Bd2 Be7 13. Bd3 Na7 14. Kf2 Rb8 15. g4 f5
16. h4 fxg4 17. Ng5 Bxg5 18. hxg5 Kf7 19. Qc2 Qg8 20. Rh6 Bb5 21. Nxb5 Nxb5 22.
Qa4 Qd8 23. Rah1 Nf8 24. Bxb5 axb5 25. Qxb5 Kg7 26. Bb4 Qc8 27. Bxf8+ Kxf8 28.
Qc5+ Kg8 29. Rc1 Qd7 30. Qc7 Rd8 31. b4 Kg7 32. b5 Rhf8 33. Kg3 Rf7 34. Qc5
Rdf8 35. Rch1 Rh8 36. R6h2 Qd8 37. b6 Qa8 38. Qc3 Qf8 39. Rf2 h6 40. Rxh6 Rxh6
41. gxh6+ Kh7 42. Kxg4 Qxh6 43. Qh3 Qxh3+ 44. Kxh3 Rf8 45. Kg4 Rc8 46. Rb2 Ra8
47. Rc2 Rxa5 48. Rc7+ Kh6 49. Rxb7 Rb5 50. Rb8 Rb3 51. b7 Kg7 52. Kh4 Rb1 53.
Kg3 Kf7 54. Rh8 Rb3+ 55. Kg4 1-0

[Event "Tournoi Skype 016A"]
[Site "Skype"]
[Date "????.??.??"]
[Round "1.7"]
[White "Kruzeniski, Randy"]
[Black "Jacquelin, Norbert"]
[Result "1-0"]
[WhiteElo "1549"]
[BlackElo "1924"]
[PlyCount "70"]

1. d4 d5 2. Nf3 Nf6 3. Bf4 e6 4. e3 Bb4+ 5. c3 Bd6 6. Bg3 O-O 7. Ne5 Ne4 8. f4
Nxg3 9. hxg3 g6 10. Nd2 Nd7 11. Ndf3 f6 12. Nxd7 Bxd7 13. Bd3 Qe8 14. Qb3 b6
15. O-O-O Ba4 16. Bb5 Bxb3 17. Bxe8 Bxd1 18. Bc6 Bxf3 19. Bxa8 Bxg2 20. Rh2
Rxa8 21. Rxg2 f5 22. Re2 h5 23. b4 b5 24. a3 a5 25. Kb2 axb4 26. axb4 Kg7 27.
Rh2 Be7 28. Rh1 Kh6 29. Kb3 g5 30. Rh2 h4 31. fxg5+ Bxg5 32. gxh4 Bxe3 33. Re2
f4 34. Kc2 Kh5 35. Rh2 Ra2+ 1-0

[Event "Tournoi Skype 016A"]
[Site "Skype"]
[Date "????.??.??"]
[Round "1.8"]
[White "Deniz, Ugur"]
[Black "Antonic, Nenad"]
[Result "1-0"]
[WhiteElo "1918"]
[BlackElo "1545"]
[PlyCount "53"]

1. e4 c6 2. d4 d5 3. Nc3 dxe4 4. Nxe4 Bf5 5. Ng3 Bg6 6. Nf3 Nd7 7. h4 h6 8. h5
Bh7 9. Bd3 Bxd3 10. Qxd3 Qc7 11. Bd2 e6 12. c4 Bd6 13. Ne4 Be7 14. O-O-O Ngf6
15. Rhe1 a6 16. Kb1 O-O 17. Ne5 Nxe5 18. dxe5 Rfd8 19. Nxf6+ Bxf6 20. Qg3 Bg5
21. Bxg5 Rxd1+ 22. Rxd1 hxg5 23. Qxg5 Kf8 24. h6 g6 25. h7 Kg7 26. Qf6+ Kxh7
27. Rh1+ 1-0

[Event "Tournoi Skype 016A"]
[Site "Skype"]
[Date "????.??.??"]
[Round "1.9"]
[White "Holtz, Steve"]
[Black "Patra Kumar, Subhendu"]
[Result "0-1"]
[WhiteElo "1545"]
[BlackElo "1887"]
[PlyCount "38"]

1. d4 d5 2. Nf3 Nf6 3. Nc3 g6 4. Bf4 Bg7 5. e3 O-O 6. Be2 c6 7. Ne5 Nbd7 8. h4
Qa5 9. h5 Ne4 10. hxg6 fxg6 11. Bd3 Nxe5 12. Bxe5 Nxf2 13. Qd2 Nxh1 14. Bxg7
Kxg7 15. e4 Nf2 16. Qg5 Qb4 17. a3 Nxd3+ 18. cxd3 Qxb2 19. Qxe7+ Kg8 0-1

[Event "Tournoi Skype 016A"]
[Site "Skype"]
[Date "????.??.??"]
[Round "1.10"]
[White "Plourde, Alain"]
[Black "Tripathi, Rajnikant"]
[Result "1/2-1/2"]
[WhiteElo "1886"]
[BlackElo "1544"]
[PlyCount "124"]

1. d4 d6 2. c4 Nf6 3. Nc3 Bf5 4. Nf3 h6 5. g3 c6 6. Bg2 Nbd7 7. O-O e6 8. Re1
Nb6 9. b3 Be7 10. e4 Bg6 11. d5 cxd5 12. exd5 Qd7 13. dxe6 fxe6 14. Bb2 O-O 15.
Qe2 Bf7 16. Bh3 Nh5 17. Bxe6 Bxe6 18. Qxe6+ Qxe6 19. Rxe6 Rxf3 20. Rxe7 Raf8
21. Ne4 d5 22. cxd5 Nxd5 23. Rxb7 Nhf6 24. Nxf6+ Nxf6 25. Rxa7 Rd8 26. Rc1 Rd2
27. Bxf6 Rxf6 28. Rf1 Re6 29. a3 Ree2 30. b4 Ra2 31. b5 Reb2 32. a4 Rxb5 33.
axb5 Rxa7 34. Rb1 Rb7 35. b6 Kf7 36. f4 Ke6 37. Kf2 Kd6 38. Kf3 Kc6 39. g4 Rxb6
40. Rxb6+ Kxb6 41. f5 Kc7 42. g5 hxg5 43. Kg4 Kd7 44. Kxg5 Ke7 45. Kg6 Kf8 46.
h3 Kg8 47. h4 Kf8 48. h5 Kg8 49. Kg5 Kf7 50. Kg4 Kf6 51. Kf4 Kf7 52. Ke5 Ke7
53. Kd5 Kf6 54. Ke4 Kf7 55. Kf4 Kf6 56. Kg4 Kf7 57. Kg5 Kg8 58. Kg6 Kf8 59. h6
gxh6 60. Kxh6 Kf7 61. Kg5 Kg7 62. f6+ Kf8 1/2-1/2

[Event "Tournoi Skype 016A"]
[Site "Skype"]
[Date "????.??.??"]
[Round "1.11"]
[White "Malbec, Robert"]
[Black "Rico Hernandez, Edgar"]
[Result "0-1"]
[WhiteElo "1525"]
[BlackElo "1872"]
[PlyCount "64"]

1. e4 c6 2. d4 d5 3. Nc3 dxe4 4. Nxe4 Bf5 5. Ng3 Bg6 6. Bc4 e6 7. Nf3 Nd7 8.
O-O Ngf6 9. Qe1 Be7 10. c3 h6 11. Be3 O-O 12. Qd2 Nb6 13. Bd3 Bxd3 14. Qxd3 Bd6
15. Ne4 Nxe4 16. Qxe4 Nd5 17. Bd2 Nf6 18. Qd3 c5 19. Rfe1 cxd4 20. Nxd4 a6 21.
Re3 Qc7 22. Rh3 Rfd8 23. Bxh6 gxh6 24. Rxh6 Be5 25. Qe3 Bf4 26. Qh3 Bxh6 27.
Qxh6 Nh7 28. Re1 Rd5 29. f4 Qd8 30. Re3 Qf6 31. Rg3+ Kh8 32. Qh5 Rxh5 0-1

[Event "Tournoi Skype 016A"]
[Site "Skype"]
[Date "????.??.??"]
[Round "1.12"]
[White "Altinok, Selim"]
[Black "Saponara, Jose Maria"]
[Result "1-0"]
[WhiteElo "1854"]
[BlackElo "1520"]
[PlyCount "89"]

1. d4 Nf6 2. Nf3 b6 3. g3 Bb7 4. Bg2 e6 5. c4 c5 6. d5 exd5 7. Nh4 Be7 8. cxd5
d6 9. Nc3 Na6 10. Nf5 Bf8 11. O-O g6 12. Nh6 Nc7 13. Bg5 Bxh6 14. Bxh6 Ng4 15.
Bf4 g5 16. Bd2 h6 17. e4 Ne5 18. f4 Ng6 19. Qh5 Qe7 20. fxg5 hxg5 21. Qxg5 Qxg5
22. Bxg5 Rh7 23. Bf6 Kd7 24. h4 Rg8 25. Bh3+ Ke8 26. Kh2 Ne7 27. Rf2 Bc8 28.
Bxc8 Nxc8 29. Raf1 Ne7 30. Ne2 Rg6 31. Bc3 Nexd5 32. exd5 Nxd5 33. Nf4 Nxf4 34.
Rxf4 d5 35. Bf6 Kd7 36. Be5 Re6 37. Rxf7+ Rxf7 38. Rxf7+ Kc6 39. Rf6 Rxf6 40.
Bxf6 d4 41. Kg2 Kd5 42. Kf3 c4 43. h5 d3 44. Ke3 b5 45. h6 1-0

[Event "Tournoi Skype 016A"]
[Site "Skype"]
[Date "????.??.??"]
[Round "1.13"]
[White "Rochette, Mathieu"]
[Black "Elias, Roberto"]
[Result "0-1"]
[WhiteElo "1516"]
[BlackElo "1847"]
[PlyCount "66"]

1. d4 Nf6 2. c4 c5 3. Nf3 d6 4. Nc3 cxd4 5. Nxd4 Nc6 6. e3 e5 7. Nxc6 bxc6 8.
Bd3 Be7 9. O-O O-O 10. Qc2 d5 11. cxd5 cxd5 12. e4 d4 13. Nb5 Bb7 14. Bd2 Rc8
15. Qb1 Qb6 16. Rc1 a6 17. Rxc8 Rxc8 18. Na3 Bxa3 19. bxa3 Qxb1+ 20. Rxb1 Bxe4
21. Bxe4 Nxe4 22. Ba5 f6 23. f3 Nc3 24. Bxc3 Rxc3 25. Rb3 Rc1+ 26. Kf2 Rc2+ 27.
Kg3 Rxa2 28. h4 h5 29. Kh3 a5 30. g4 a4 31. Rd3 hxg4+ 32. Kxg4 Kh7 33. Kh5 Rg2
0-1

[Event "Tournoi Skype 016A"]
[Site "Skype"]
[Date "????.??.??"]
[Round "1.14"]
[White "Lambert, Pierre"]
[Black "Gharbi, Said"]
[Result "1-0"]
[WhiteElo "1830"]
[BlackElo "1511"]
[PlyCount "57"]

1. e4 d5 2. e5 d4 3. Bc4 e6 4. Nf3 Bc5 5. d3 Ne7 6. Bg5 O-O 7. Nbd2 Bb4 8. O-O
Bxd2 9. Qxd2 c5 10. Rfe1 b6 11. Re4 Bb7 12. Rg4 Bxf3 13. gxf3 Qc7 14. Bxe7 Qxe7
15. Qh6 g6 16. Rh4 f5 17. Bxe6+ Kh8 18. Bd5 Nd7 19. Bxa8 Rxa8 20. f4 Rg8 21.
Rh3 g5 22. Rg3 g4 23. h3 Nf8 24. Re1 Ne6 25. Qf6+ Qxf6 26. exf6 Nxf4 27. hxg4
fxg4 28. f7 Nh3+ 29. Kf1 1-0

[Event "Tournoi Skype 016A"]
[Site "Skype"]
[Date "????.??.??"]
[Round "1.15"]
[White "Galani, Mahendra"]
[Black "Altinok, Kerim"]
[Result "0-1"]
[WhiteElo "1507"]
[BlackElo "1817"]
[PlyCount "76"]

1. e4 c6 2. d4 d5 3. e5 Bf5 4. Nf3 e6 5. Ng5 Qb6 6. a3 c5 7. c3 Nc6 8. Qa4 cxd4
9. cxd4 Qxd4 10. Qb3 Qxe5+ 11. Be2 Qc7 12. O-O Bd6 13. g3 Nf6 14. Nc3 a6 15.
Qa4 O-O 16. b4 Nd4 17. Ra2 Qxc3 18. Bb2 Nxe2+ 19. Kh1 Qc4 20. Raa1 Bc2 21. Qa5
Bc7 22. Qc5 Qxc5 23. bxc5 h6 24. Nf3 Be4 25. Kg2 e5 26. Rfe1 Nd4 27. Bxd4 exd4
28. Rad1 Ng4 29. Rxd4 Ne5 30. Re3 Nxf3 31. Rxf3 Rfe8 32. Rb4 Re6 33. Rxb7 Rb8
34. Rxc7 Rb3 35. Rc8+ Kh7 36. c6 Bxf3+ 37. Kh3 Rc3 38. c7 Rec6 0-1

[Event "Tournoi Skype 016A"]
[Site "Skype"]
[Date "????.??.??"]
[Round "1.17"]
[White "Yeter, Orhan"]
[Black "Brun, Jacques"]
[Result "0-1"]
[WhiteElo "1505"]
[BlackElo "1804"]
[PlyCount "26"]

1. e4 c5 2. Nc3 Nc6 3. f4 g6 4. Nf3 Bg7 5. Bc4 d6 6. d3 Bg4 7. Bxf7+ Kf8 8. Bc4
Nd4 9. O-O Nxf3+ 10. gxf3 Bh3 11. Re1 e5 12. Kh1 Qh4 13. Ne2 Qf2 0-1

[Event "Tournoi Skype 016A"]
[Site "Skype"]
[Date "????.??.??"]
[Round "1.18"]
[White "Janssen, Gerard"]
[Black "Thoune, Jim"]
[Result "1/2-1/2"]
[WhiteElo "1761"]
[BlackElo "1499"]
[PlyCount "84"]

1. d4 Nf6 2. c4 e6 3. Nc3 Bb4 4. Nf3 c5 5. d5 d6 6. e3 O-O 7. Bd3 e5 8. O-O
Bxc3 9. Qc2 e4 10. Bxe4 Nxe4 11. Qxe4 Re8 12. Qf4 Be5 13. Nxe5 Rxe5 14. b3 Qg5
15. Bb2 Bh3 16. Qf3 Bg4 17. Qg3 Bh5 18. Bxe5 Qxe5 19. Qh3 Na6 20. f4 Qe4 21.
Qxh5 Qxe3+ 22. Kh1 Re8 23. Qg4 Qe7 24. a3 Nb8 25. h4 Nd7 26. h5 h6 27. Kh2 Nf6
28. Qh4 Qd7 29. Rae1 Ng4+ 30. Kg3 Ne3 31. Rxe3 Rxe3+ 32. Rf3 Rxf3+ 33. Kxf3 f5
34. Qe1 Qf7 35. g4 fxg4+ 36. Kxg4 Kf8 37. Qe6 Qe7 38. Kf5 Qf7+ 39. Ke4 Qe7 40.
Kf5 Qf7+ 41. Kg4 Qe7 42. Qf5+ Kg8 1/2-1/2

[Event "Tournoi Skype 016A"]
[Site "Skype"]
[Date "????.??.??"]
[Round "1.19"]
[White "Yardimci, Ertan"]
[Black "Legueltel, Daniel"]
[Result "0-1"]
[WhiteElo "1494"]
[BlackElo "1757"]
[PlyCount "72"]

1. e4 e5 2. Nf3 Nf6 3. Nxe5 d6 4. Nf3 Nxe4 5. Bb5+ c6 6. Ba4 d5 7. c3 Be7 8.
O-O Nd7 9. d3 Nef6 10. Bg5 O-O 11. Nbd2 Nc5 12. Bc2 Bf5 13. Bxf6 Bxf6 14. d4
Bxc2 15. Qxc2 Ne6 16. Rfe1 Re8 17. Ne5 Qc7 18. Ndf3 Ng5 19. Nxg5 Bxg5 20. Nf3
Bf4 21. g3 Bd6 22. Qd3 g6 23. Re3 Re7 24. Rae1 Rae8 25. Kf1 Kg7 26. Kg2 h6 27.
Qd2 f5 28. Nh4 Rxe3 29. Rxe3 Re4 30. Rf3 Be7 31. Kh3 Bxh4 32. gxh4 Qe7 33. Rf4
Qe6 34. Qd3 Rxf4 35. Qg3 Qe4 36. h5 Rf3 0-1

[Event "Tournoi Skype 016A"]
[Site "Skype"]
[Date "????.??.??"]
[Round "1.20"]
[White "Casey, Eamonn"]
[Black "Aranzubia, Desiderio"]
[Result "1-0"]
[WhiteElo "1753"]
[BlackElo "1491"]
[PlyCount "60"]

1. d4 d5 2. c4 dxc4 3. Nc3 c6 4. a4 e6 5. Nf3 a6 6. e4 Nf6 7. Bxc4 Bb4 8. Qc2
Nxe4 9. Qxe4 Nd7 10. O-O Nf6 11. Qc2 Bd7 12. Bg5 O-O 13. Ne4 Rc8 14. Ne5 Be7
15. Nxd7 Qxd7 16. Nxf6+ Bxf6 17. Bxf6 gxf6 18. Rad1 b5 19. Bd3 f5 20. axb5 cxb5
21. Qb1 Qxd4 22. Bxf5 Qg7 23. Bd3 Kh8 24. Rfe1 Rce8 25. Re3 f5 26. Rg3 Qf6 27.
Qc1 Rg8 28. Rxg8+ Rxg8 29. Re1 Qg7 30. Qc3 Qxc3 1-0

[Event "Tournoi Skype 016A"]
[Site "Skype"]
[Date "????.??.??"]
[Round "1.22"]
[White "Dal, Ibrahim"]
[Black "Duthoit, Bernard"]
[Result "1-0"]
[WhiteElo "1704"]
[BlackElo "1476"]
[PlyCount "47"]

1. d4 d5 2. c4 e6 3. Nc3 Nf6 4. Bg5 Be7 5. e3 b6 6. cxd5 Nxd5 7. Bxe7 Nxe7 8.
Nf3 Bb7 9. Qa4+ Qd7 10. Bb5 c6 11. Be2 O-O 12. Ne5 Qe8 13. Ne4 Nf5 14. O-O c5
15. Bb5 Qc8 16. Nd2 cxd4 17. exd4 Nxd4 18. Qxd4 Rd8 19. Qf4 Qc7 20. Rac1 Qe7
21. Ndf3 Nd7 22. Nxd7 Rxd7 23. Bxd7 Qxd7 24. Rc7 1-0

[Event "Tournoi Skype 016A"]
[Site "Skype"]
[Date "????.??.??"]
[Round "1.23"]
[White "Grib, Johannes"]
[Black "Megelas, Florent"]
[Result "0-1"]
[WhiteElo "1472"]
[BlackElo "1704"]
[PlyCount "114"]

1. d4 d5 2. c4 Nf6 3. Nc3 e6 4. Bg5 Be7 5. Nf3 Nbd7 6. e3 dxc4 7. Qa4 O-O 8.
Bxc4 Nb6 9. Qb3 Nxc4 10. Qxc4 c6 11. O-O Nd5 12. Bxe7 Qxe7 13. Ne4 h6 14. Ne5
Qh4 15. Nd2 Qh5 16. Rfe1 Nf6 17. f3 Nd7 18. f4 Nxe5 19. dxe5 f6 20. exf6 Rxf6
21. Ne4 Rg6 22. Ng3 Qg4 23. Qd3 h5 24. Re2 h4 25. Ne4 Qf5 26. Qd8+ Qf8 27. Qxh4
Rh6 28. Qf2 Bd7 29. g4 e5 30. g5 Rh3 31. Rd1 Bg4 32. Qf1 Bxe2 33. Qxe2 exf4 34.
Qg4 Qc8 35. Qxf4 Qf8 36. Qxf8+ Rxf8 37. g6 Rxe3 38. Nc5 Re5 39. Nxb7 Rg5+ 40.
Kh1 Rxg6 41. Nc5 Rf2 42. Ne4 Rc2 43. Ng3 Rh6 44. Nf1 Rxb2 45. Rd2 Rxd2 46. Nxd2
Rd6 47. Nf3 c5 48. a4 c4 49. Kg2 c3 50. Ne1 Rd2+ 51. Kg3 c2 52. Nxc2 Rxc2 53.
h3 Ra2 54. Kf4 Rxa4+ 55. Ke5 Rh4 56. Kd5 a6 57. Kc5 a5 0-1

[Event "Tournoi Skype 016A"]
[Site "Skype"]
[Date "????.??.??"]
[Round "1.24"]
[White "Karia, Vijay"]
[Black "Colak, Remzi"]
[Result "1-0"]
[WhiteElo "1687"]
[BlackElo "1465"]
[PlyCount "77"]

1. e4 d6 2. Nc3 g6 3. Bc4 Bg7 4. f4 Nf6 5. Nf3 c6 6. O-O O-O 7. d3 Bg4 8. Qe1
e6 9. h3 Bxf3 10. Rxf3 a5 11. a4 Nbd7 12. Kh1 d5 13. Bb3 d4 14. Ne2 Nc5 15. Bc4
Ne8 16. f5 gxf5 17. exf5 Nd6 18. fxe6 Nxc4 19. exf7+ Rxf7 20. Rxf7 Kxf7 21.
dxc4 b6 22. Qg3 Kg8 23. Bh6 Qd7 24. Rd1 Ne6 25. Bxg7 Qxg7 26. Qxg7+ Kxg7 27.
Nxd4 Nxd4 28. Rxd4 Rf8 29. Rd7+ Rf7 30. Rxf7+ Kxf7 31. Kg1 Ke6 32. Kf2 Ke5 33.
Ke3 c5 34. b3 h5 35. g3 Kf5 36. Kf3 Ke5 37. g4 hxg4+ 38. hxg4 Kd4 39. g5 1-0

[Event "Tournoi Skype 016A"]
[Site "Skype"]
[Date "????.??.??"]
[Round "1.25"]
[White "Montenegro, Juan Carlos"]
[Black "Vello, Pablo"]
[Result "1-0"]
[WhiteElo "1680"]
[BlackElo "1464"]
[PlyCount "99"]

1. e4 c5 2. Nf3 d6 3. Bc4 h6 4. e5 d5 5. Bb5+ Bd7 6. Bxd7+ Qxd7 7. O-O Nc6 8.
d4 cxd4 9. Nxd4 Nxe5 10. Nc3 Nf6 11. Re1 Nc6 12. Ndb5 a6 13. Na3 e6 14. Nab1
Bc5 15. Na4 Ba7 16. b3 Bd4 17. c3 Be5 18. Ba3 Bd6 19. Nc5 Bxc5 20. Bxc5 Ne7 21.
Bd4 e5 22. Bxe5 Ng4 23. Qd4 f6 24. Bg3 h5 25. h3 Nh6 26. Nd2 O-O 27. Qc5 Rfe8
28. c4 Nhf5 29. Bf4 Rac8 30. Qb4 Nd4 31. Rac1 Nef5 32. Rxe8+ Rxe8 33. Rf1 Ne2+
34. Kh1 Nxf4 35. c5 Ng6 36. Nf3 Re2 37. Nd4 Nxd4 38. Qxd4 Qe6 39. a4 Qe4 40.
Qd1 Nh4 41. f3 Qe3 42. Qxd5+ Kh7 43. Qxh5+ Kg8 44. Qxh4 Qxc5 45. Rd1 Qc8 46.
Qd4 Re8 47. Qd5+ Kh8 48. Qd7 Qxd7 49. Rxd7 Re3 50. Rxb7 1-0

[Event "Tournoi Skype 016A"]
[Site "Skype"]
[Date "????.??.??"]
[Round "1.26"]
[White "Murgia, Stefano"]
[Black "Korkmaz, Serdar"]
[Result "1-0"]
[WhiteElo "1666"]
[BlackElo "1449"]
[PlyCount "69"]

1. e4 c6 2. d4 d5 3. Nd2 dxe4 4. Nxe4 Bf5 5. Ng3 Bg6 6. h4 h6 7. Nf3 Nd7 8. h5
Bh7 9. Bd3 Bxd3 10. Qxd3 e6 11. Bf4 Ngf6 12. O-O-O Nd5 13. Bd2 Bd6 14. Ne4 Bc7
15. c4 Nf4 16. Qf1 Nf6 17. Nc3 N4xh5 18. d5 Nf4 19. g3 Ng6 20. dxe6 fxe6 21.
Bxh6 Qe7 22. Bg5 Qf7 23. Rxh8+ Nxh8 24. Qh3 Ng6 25. Be3 Nd7 26. Ng5 Qf5 27. g4
Qe5 28. Qh5 Qf6 29. Nce4 Qe7 30. Qxg6+ Kd8 31. Nxe6+ Kc8 32. Nxc7 Kxc7 33. Bf4+
Ne5 34. Qf5 Re8 35. Nd6 1-0

[Event "Tournoi Skype 016A"]
[Site "Skype"]
[Date "????.??.??"]
[Round "1.27"]
[White "Grimwood, Robert"]
[Black "Engstrom, Olle"]
[Result "1-0"]
[WhiteElo "1420"]
[BlackElo "1654"]
[PlyCount "47"]

1. d4 Nf6 2. Nf3 c5 3. d5 e6 4. c4 exd5 5. cxd5 d6 6. Nc3 g6 7. e4 Bg7 8. Bb5+
Kf8 9. O-O a6 10. Bd3 b5 11. a3 Bg4 12. Be2 b4 13. axb4 cxb4 14. e5 bxc3 15.
exf6 Bxf6 16. bxc3 Bxc3 17. Ra2 Qb6 18. Be3 Qc7 19. Rc2 Qa5 20. Bd4 Bxf3 21.
Bxh8 Bxe2 22. Qxe2 Bxh8 23. Rc8+ Kg7 24. Qb2+ 1-0

[Event "Tournoi Skype 016A"]
[Site "Skype"]
[Date "????.??.??"]
[Round "1.28"]
[White "Perez Fermin, Jose"]
[Black "Coruble, Didier"]
[Result "0-1"]
[WhiteElo "1639"]
[BlackElo "1406"]
[PlyCount "36"]

1. e4 Nc6 2. Bc4 e6 3. a3 Bc5 4. Nf3 h6 5. d3 a6 6. Be3 Bxe3 7. fxe3 b5 8. Ba2
Bb7 9. O-O Nf6 10. Qe1 Qe7 11. c3 O-O-O 12. c4 Na7 13. Nc3 b4 14. axb4 Qxb4 15.
Qd2 Kb8 16. Ne1 Ng4 17. Nc2 Qd6 18. Rf5 Qxh2+ 0-1

[Event "Tournoi Skype 016A"]
[Site "Skype"]
[Date "????.??.??"]
[Round "2.1"]
[White "Ayotte, Jocelyn"]
[Black "Casey, Eamonn"]
[Result "1-0"]
[WhiteElo "2107"]
[BlackElo "1753"]
[PlyCount "51"]

1. d4 Nf6 2. Nf3 e6 3. g3 d5 4. Bg2 Nbd7 5. O-O g6 6. b3 Bg7 7. Ba3 b6 8. c4 c5
9. Nc3 Bb7 10. Rc1 Rc8 11. Nb5 O-O 12. e3 a6 13. Nd6 Rb8 14. Nxb7 Rxb7 15. cxd5
exd5 16. dxc5 bxc5 17. Bxc5 Nxc5 18. Rxc5 Re8 19. Qd3 Rd7 20. Qxa6 Qe7 21. Rc2
Ne4 22. Rfc1 Ra7 23. Qd3 Qd7 24. Nd4 Bh6 25. Bxe4 dxe4 26. Qb5 1-0

[Event "Tournoi Skype 016A"]
[Site "Skype"]
[Date "????.??.??"]
[Round "2.2"]
[White "Altinok, Kerim"]
[Black "Hervais, Adrien"]
[Result "1-0"]
[WhiteElo "1817"]
[BlackElo "1999"]
[PlyCount "69"]

1. d4 d5 2. c4 Bf5 3. Nf3 e6 4. Nc3 Nc6 5. Bf4 dxc4 6. e4 Bg4 7. d5 exd5 8.
Nxd5 Bd6 9. Bxc4 Bxf4 10. Nxf4 Nf6 11. O-O O-O 12. Re1 Qxd1 13. Raxd1 Rfe8 14.
h3 Bxf3 15. gxf3 Ne5 16. Be2 c6 17. Rd6 Kf8 18. Red1 Ke7 19. Kf1 g5 20. Ng2
Rad8 21. Ne3 Rxd6 22. Nf5+ Kf8 23. Rxd6 Re6 24. Rd8+ Re8 25. Rd6 Ned7 26. Bc4
Re5 27. Rd4 b5 28. Bb3 c5 29. Rd2 c4 30. Bd1 Rc5 31. Ke2 Kg8 32. Ke3 Re5 33.
Rd6 a5 34. Kd4 h5 35. Rxf6 1-0

[Event "Tournoi Skype 016A"]
[Site "Skype"]
[Date "????.??.??"]
[Round "2.3"]
[White "Segura Lozano, Marcos Antonio"]
[Black "Sojka, Bernard"]
[Result "0-1"]
[WhiteElo "1807"]
[BlackElo "1968"]
[PlyCount "90"]

1. d4 Nf6 2. c4 c5 3. e3 g6 4. Nf3 Bg7 5. Bd3 cxd4 6. exd4 d6 7. h3 Nc6 8. Nbd2
Bd7 9. O-O O-O 10. Re1 Re8 11. d5 Nb4 12. Bb1 Qc7 13. a3 Na6 14. Ra2 b5 15. b3
bxc4 16. Nxc4 Qb7 17. Ne3 Nc7 18. Rd2 Rab8 19. b4 a5 20. Ba2 axb4 21. Rb2 Qa7
22. Rd2 bxa3 23. Rd3 Nb5 24. Nc4 Bf5 25. Be3 Qa6 26. Rb3 Rbc8 27. Rxb5 Qxb5 28.
Nxa3 Qb2 29. Qb3 Qxb3 30. Bxb3 Rc3 31. Nd2 Rb8 32. Bf4 Rcxb3 33. Nxb3 Rxb3 34.
Rxe7 Rxa3 35. Rb7 Ra1+ 36. Kh2 Ra8 37. Bxd6 Nxd5 38. g4 Be4 39. h4 Nf6 40. Rb4
Re8 41. Kg3 Nd5 42. Rb3 Bc2 43. Ra3 f5 44. g5 Nc3 45. Ra7 Ne4+ 0-1

[Event "Tournoi Skype 016A"]
[Site "Skype"]
[Date "????.??.??"]
[Round "2.4"]
[White "Deville, Olivier"]
[Black "Mulrooney, Justin"]
[Result "0-1"]
[WhiteElo "1945"]
[BlackElo "1705"]
[PlyCount "96"]

1. c4 Nf6 2. Nf3 g6 3. Nc3 Bg7 4. e4 d6 5. d4 O-O 6. Be2 c5 7. O-O Nc6 8. d5
Nb4 9. a3 Na6 10. Ne1 e5 11. f4 exf4 12. Bxf4 Qe7 13. Bd3 Nd7 14. Qd2 Ne5 15.
Nf3 Nc7 16. Nxe5 Bxe5 17. Bxe5 Qxe5 18. Qf4 Qd4+ 19. Rf2 Qxd3 20. e5 dxe5 21.
Qxe5 Ne8 22. Rf4 Bf5 23. Rd1 Qc2 24. d6 Ng7 25. Qxc5 Ne6 26. Qf2 Qxf2+ 27. Rxf2
Rfd8 28. Nd5 Kf8 29. Ne3 Be4 30. Rdf1 Rd7 31. Rf4 Nxf4 32. Rxf4 Re8 33. c5 Bc6
34. Ng4 Re1+ 35. Kf2 Rb1 36. Rb4 Rc1 37. Ne5 Rd8 38. Rc4 Rxc4 39. Nxc4 f6 40.
g3 Kf7 41. Ke3 Ke6 42. Kd4 Bb5 43. Na5 Bc6 44. b4 Kd7 45. Kc4 b6 46. Nxc6 Kxc6
47. b5+ Kd7 48. a4 Rc8 0-1